000 00710nam a2200229Ia 4500
001 10082
003 GE_BSU
008 181216s||||||||xx |||||||||||||| ||und||
040 _cGE_BSU
080 _a82-93
100 _aოდიშარი,ალექსანდრე
245 _aთავდადება
245 _bმოთხრობები
245 _cრედ.ირ.აბაშიძე.მხატვ.შ.ბერიტაშვილი
260 _aთბილისი
260 _bსაბლიტგამი
260 _c1945
300 _a84გვ.14სმ.
653 _aთავდადება
653 _aმოთხრობები
942 _cBK
999 _c43354
_d43354